000
00247nam a2200097Ia 4500
001
999809
005
20250826230340.0
008
250824s9999 xx 000 0 und d
245
0
_a
RÜYA KOLONİSİ/R1
_c
ESRA AVGÖREN
260
_b
GENÇ DAMLA YAYINLARI
999
_c
999809
_d
999809